| 000 | 00585nam a2200169Ia 4500 | ||
|---|---|---|---|
| 003 | IN-BaIIA | ||
| 008 | 211028s9999 xx 000 0 eng d | ||
| 040 | _cIIA Library | ||
| 080 |
_a535.31 _bSYN |
||
| 100 |
_aSynge, J.L _95185 |
||
| 245 | 0 |
_aGeometrical optics _ban introduction to Hamilton's method _cJ. L. Synge |
|
| 260 |
_aLondon _bCambridge University Press _c1937 |
||
| 300 | _aix, 110p. | ||
| 490 | _aCambridge Tracts in Mathematics & Mathematical physics; no.37 | ||
| 650 |
_aOptics, Geometrical optics _921555 |
||
| 942 | _cBK | ||
| 999 |
_c12326 _d12326 |
||